ពីពីស្រោមជើងវែង / (Record no. 1599)

MARC details
000 -LEADER
fixed length control field 02803nam a22002897a 4500
001 - CONTROL NUMBER
control field 1599
003 - CONTROL NUMBER IDENTIFIER
control field FISKH
005 - DATE AND TIME OF LATEST TRANSACTION
control field 20250527161911.0
008 - FIXED-LENGTH DATA ELEMENTS--GENERAL INFORMATION
fixed length control field 230908b cb ||||| |||| 00| 0 khr d
020 ## - INTERNATIONAL STANDARD BOOK NUMBER
International Standard Book Number 9789995054311
040 ## - CATALOGING SOURCE
Original cataloging agency FISKH
Language of cataloging eng
Transcribing agency FISKH
Modifying agency FISKH
082 ## - DEWEY DECIMAL CLASSIFICATION NUMBER
Classification number 808.83
100 ## - MAIN ENTRY--PERSONAL NAME
Personal name Lindgren, Astrid
245 ## - TITLE STATEMENT
Title ពីពីស្រោមជើងវែង /
250 ## - EDITION STATEMENT
Edition statement បោះពុម្ពលើកទី ៥ ខែកុម្ភៈ ឆ្នាំ​២០២១
260 ## - PUBLICATION, DISTRIBUTION, ETC.
Place of publication, distribution, etc. Lidingoe :
Name of publisher, distributor, etc. Sipar,
Date of publication, distribution, etc. 2021.
300 ## - PHYSICAL DESCRIPTION
Extent 152 pages :
Other physical details illustrations ;
Dimensions 20 cm
490 ## - SERIES STATEMENT
Series statement អក្សសិល្ប៍យុវវ័យ
505 ## - FORMATTED CONTENTS NOTE
Formatted contents note Z' <br/>
520 ## - SUMMARY, ETC.
Summary, etc. ដោយនាងមានក្រសែភ្នែករហ័សរហួន និងមានសក់ក្រងចងទីទុយ គេអាចគិតថា​ «ពីពីស្រោមជើងវែង» ជាក្មេងស្រីម្នាក់ដូចក្មេងស្រីដ៏ទៃដែរ។ ប៉ុន្តែនាងជាក្មេងស្រីចម្លែកណាស់! នាងរស់តែម្នាក់ឯង ជាមួយសេះមួយក្បាល និងស្វាមួយក្បាលនៅក្នុងផ្ទះដ៏ធំមួយ។ នាងមានកម្លាំងខ្លាំងអស្ចារ្យ។ នាងមិនទៅសាលារៀនទេ ហើយមួយថ្ងៃៗ នាងគិតតែរកនឹកល្បែងលេងចម្លែកៗ។ ហើយនាងមានបេះដូងមាស និងមានសណ្ដានចិត្តល្អជាមួយមនុស្សគ្រប់រូប ជាពិសេសជាមួយមិត្តក្មេងៗជាអ្នកជិតខាងនាង គឺថមមី និង អានីកា។ ហេតុនេះហើយ គ្រប់គ្នាស្រលាញ់នាងយ៉ាងខ្លាំង។
520 ## - SUMMARY, ETC.
Summary, etc. With her quick eyes and curly hair tied in an owl, she can be thought of as a "girl with long socks" just like any other girl. But she is a very strange girl! She lives alone with a horse and a monkey in a large house.​​​ She is amazingly strong. She does not go to school and every day she thinks of strange games. And she has a golden heart and is kind to everyone, especially with her young neighbors Tommy and Anika. That is why everyone loves her so much.
521 8# - TARGET AUDIENCE NOTE
Target audience note 920 <br/><br/>
Source Lexile estimate <br/>
521 8# - TARGET AUDIENCE NOTE
Target audience note Z'<br/>
Source Raz-Plus <br/>
650 ## - SUBJECT ADDED ENTRY--TOPICAL TERM
Topical term or geographic name entry element ចម្លែក
Form subdivision ចិត្តល្អ
General subdivision បេះដូងមាស
Chronological subdivision ខ្លាំង
650 ## - SUBJECT ADDED ENTRY--TOPICAL TERM
Topical term or geographic name entry element Strange
Form subdivision Kind
General subdivision Golden heart
Chronological subdivision Strong
942 ## - ADDED ENTRY ELEMENTS (KOHA)
Source of classification or shelving scheme Dewey Decimal Classification
Koha item type Books
Suppress in OPAC No
Holdings
Withdrawn status Lost status Source of classification or shelving scheme Damaged status Not for loan Collection Home library Current library Shelving location Date acquired Total Checkouts Full call number Barcode Date last seen Copy number Price effective from Koha item type Date due Date last checked out
    Dewey Decimal Classification     Khmer Language Books / សៀវភៅភាសាខ្មែរ Footprints International School Library Network Toul Kork Campus Footprints International School Library Network Toul Kork Campus TK Campus, Room B402, Khmer Book Case 16, Shelves 112-123 / ទូរសៀវភៅខ្មែរលេខ ១៦​ ធ្នើរ ១១២ ដល់ ១២៣ បន្ទប់ B402 សាខាទួលគោក 09/08/2023   LIN 808.83 2023-0546 09/08/2023 1 09/08/2023 Books    
    Dewey Decimal Classification     Khmer Language Books / សៀវភៅភាសាខ្មែរ Footprints International School Library Network Toul Kork Campus Footprints International School Library Network Toul Kork Campus TK Campus, Room B402, Khmer Book Case 16, Shelves 112-123 / ទូរសៀវភៅខ្មែរលេខ ១៦​ ធ្នើរ ១១២ ដល់ ១២៣ បន្ទប់ B402 សាខាទួលគោក 09/08/2023   LIN 808.83 2023-0547 09/08/2023 2 09/08/2023 Books    
    Dewey Decimal Classification     Khmer Language Books / សៀវភៅភាសាខ្មែរ Footprints International School Library Network Toul Kork Campus Footprints International School Library Network Toul Kork Campus TK Campus, Room B402, Khmer Book Case 16, Shelves 112-123 / ទូរសៀវភៅខ្មែរលេខ ១៦​ ធ្នើរ ១១២ ដល់ ១២៣ បន្ទប់ B402 សាខាទួលគោក 09/08/2023   LIN 808.83 FISTK03693 10/10/2023 3 09/08/2023 Books    
    Dewey Decimal Classification     Khmer Language Books / សៀវភៅភាសាខ្មែរ Footprints International School Library Network Toul Kork Campus Footprints International School Library Network Toul Kork Campus TK Old Khmer Books (Rear Hallway Shelf 3) 03/26/2024   LIN 808.83 FISTK03692 03/26/2024 4 03/26/2024 Books    
    Dewey Decimal Classification     Khmer Language Books / សៀវភៅភាសាខ្មែរ Footprints International School Library Network Toul Tom Poung Campus Footprints International School Library Network Toul Tom Poung Campus TTP Primary Khmer Bookshelves 03/26/2024 2 LIN 808.83 FIS00277 04/01/2026 5 03/26/2024 Books 04/15/2026 04/01/2026
    Dewey Decimal Classification     Khmer Language Books / សៀវភៅភាសាខ្មែរ Footprints International School Library Network Toul Tom Poung Campus Footprints International School Library Network Toul Tom Poung Campus TTP Secondary Khmer Bookshelves 03/27/2025 2 LIN 808.83 FISSE00217 02/02/2026 6 03/27/2025 Books   01/05/2026